LEADER 01093nam--2200349---450- 001 990001772280203316 005 20070718110444.0 035 $a000177228 035 $aUSA01000177228 035 $a(ALEPH)000177228USA01 035 $a000177228 100 $a20040618d1908----km-y0itay0103----ba 101 0 $aita 102 $aIT 105 $a||||||||001yy 200 1 $a<> Società Alpina Friulana e il contributo da essa portata alla conoscenza dei nostri monti$eestratto$fOlinto Marinelli 210 $aVenezia$cFerrari$d1908 215 $a22 p.$d25 cm. 410 0$12001 454 1$12001 461 1$1001-------$12001 700 1$aMARINELLI,$bOlinto$08096 801 0$aIT$bsalbc$gISBD 912 $a990001772280203316 951 $aMisc. M/24$b4562 L.M.$cI Misc. 959 $aBK 969 $aUMA 979 $aSIAV8$b10$c20040618$lUSA01$h1402 979 $aCOPAT2$b90$c20050310$lUSA01$h1316 979 $aCOPAT6$b90$c20070718$lUSA01$h1104 996 $aSocietà Alpina Friulana e il contributo da essa portata alla conoscenza dei nostri monti$9952088 997 $aUNISA LEADER 01419nam 2200337z- 450 001 9910694048603321 005 20060822165240.0 035 $a(CKB)5860000000020450 035 $a(BIP)013737598 035 $a(EXLCZ)995860000000020450 100 $a20220406c2005uuuu -u- - 101 0 $aeng 200 10$aDebt and development $ehow to provide efficient, effective assistance to the world's poorest countries : hearing before the Subcommittee on Domestic and International Monetary Policy, Trade and Technology of the Committee on Financial Services, U.S. House of Representatives, One Hundred Ninth Congress, first session, June 8, 2005 215 $a1 online resource (v, 120 p.) $cill 311 $a0-16-075793-2 517 $aDebt and development 606 $aDebt relief$zDeveloping countries 606 $aInternational economic relations 610 $aDebt relief 610 $aInternational economic relations 610 $aDeveloping countries 610 $aBusiness & economics 610 $aPolitical science 610 $aSocial science 615 0$aDebt relief 615 0$aInternational economic relations. 712 02$aUnited States, Congress House Committee on Financial Services Subcommittee on Domestic and International Monetary Policy, Trade, and Technology Staff,$4oth 906 $aBOOK 912 $a9910694048603321 996 $aDebt and Development$9463321 997 $aUNINA